000
00256nam a22001097a 4500
082
_a
665.53 DUC'E
100
_a
HOYLL, G,DUCKWORTH, W. E
_9
80167
245
_a
ELECTRICITY REFINING
260
_a
LONDON
_b
CHAPMAN & HALL
_c
1969
300
_a
178P
942
_c
BK
999
_c
585134
_d
585134